| Tag |
First Indicator |
Second Indicator |
Subfields |
| LEADER |
00000cam a2200000 a 4500 |
| 001 |
in00001467921 |
| 005 |
20151021053645.0 |
| 008 |
970529s1997 it b 000 0 ita |
| 010 |
|
|
|a 97155615
|
| 020 |
|
|
|a 8886413173
|
| 035 |
|
|
|a (OCoLC)36719197
|
| 035 |
|
|
|9 AJE8444AM
|
| 040 |
|
|
|a DLC
|c DLC
|d C3L
|d WAU
|d TXA
|d UtOrBLW
|
| 043 |
|
|
|a e-it---
|
| 045 |
|
|
|a x4x-
|
| 049 |
|
|
|a TXAM
|
| 050 |
0 |
0 |
|a PQ4113
|b .B24 1996
|
| 082 |
0 |
0 |
|a 851/.91409
|
| 100 |
1 |
|
|a Bagnoli, Vincenzo.
|
| 245 |
1 |
0 |
|a Contemporanea :
|b la nuova poesia italiana verso il Duemila /
|c Vincenzo Bagnoli.
|
| 264 |
|
1 |
|a Padova :
|b Esedra,
|c [1996]
|
| 264 |
|
4 |
|c ©1996
|
| 300 |
|
|
|a xv, 141 pages ;
|c 20 cm.
|
| 336 |
|
|
|a text
|b txt
|2 rdacontent
|
| 337 |
|
|
|a unmediated
|b n
|2 rdamedia
|
| 338 |
|
|
|a volume
|b nc
|2 rdacarrier
|
| 490 |
1 |
|
|a Parva ;
|v 2
|
| 504 |
|
|
|a Includes bibliographical references (pages 129-141).
|
| 650 |
|
0 |
|a Italian poetry
|y 20th century
|x History and criticism.
|
| 830 |
|
0 |
|a Parva ;
|v 2.
|
| 948 |
|
|
|a c:jal
|
| 999 |
|
|
|a MARS
|
| 999 |
f |
f |
|s 4fe472b7-14ed-3cc5-a362-198a802b3d5e
|i c0c08d7c-78be-3720-a74a-3b3e01613651
|t 0
|
| 952 |
f |
f |
|p ric
|a Texas A&M University
|b Rellis Campus
|c Joint Library Facility
|d Remote Storage
|t 0
|e PQ4113 .B24 1996
|h Library of Congress classification
|i unmediated -- volume
|m A14824061651
|
| 998 |
f |
f |
|a PQ4113 .B24 1996
|t 0
|l Remote Storage
|